000 01481nam a2200361 c 4500
003 BLK
005 20241004175009.0
008 180409b bul|||||r ||||||| ||bul||
010 _aKNG00136295000
020 _a978-954-769-307-4
_bиздат.: Обсидиан
040 _aBLK
041 _aBUL
_cBUL
072 7 _2bullib
_aН83
_xЧужда художествена литература Н
080 _aБразилска литература
_b821.134.3(81)
_x-31
_z821.134.3(81)-31
100 1 _aКоелю, Паулу
_eпърви автор
_980439
700 1 _aКиркова-Жекова, Вера
_eпрев. от португ.
_9277542
139 _aКоелю, Паулу
_bК 73
245 1 0 _aРъкописът, намерен в Акра
_bРоман
_cПаулу Коелю; прев. от португ. Вера Киркова-Жекова.
257 _aBRA
260 София
_bОбсидиан
_c2012
_fВ. Търново : Абагар
300 _a160 с.
_c21 см
380 _aX
490 1 _aБиблиотека Паулу Коелю
500 _aОриг. загл. Manuscrito encontrado em Accra / Paulo Coelho. - Съдържа и за авт.
653 _aромани
659 _aН
852 _aЦб 257104
856 4 _qpdf
_u
856 4 _qpdf
_u
942 _cKNG
_n0
_018
944 _aCR
_c20.11.2012
_lМартин Енчев
_k30575
944 _aED
_c23.03.2016
_lф /
_kЛюдмила_Стоянова
999 _c130530
_d130530